000 00907cam a22003137a 4500
003 CHAP
005 20220817043134.0
008 971013s1987 r 00010 d
010 _a66642
011 _a67614
035 _a77085
040 _cCHAP
082 _a630.717
_bF33y 1987
110 _aFAO
245 1 3 _aLa extensión agrícola
_b: manual de consulta
250 _a2 ed.
260 _aRoma :
_bFAO,
_c1987
300 _a286 p.
590 _aBATCH-UPD
_b10
_c20130110
_lUCH01
_h0043
590 _aBATCH-UPD
_b10
_c20130110
_lUCH01
_h1917
590 _aBATCH-UPD
_b10
_c20130410
_lUCH01
_h1243
590 _aBATCH-UPD
_b10
_c20130914
_lUCH01
_h1338
590 _aCONVERSION
_b10
_c20130109
_lUCH01
_h1337
650 1 4 _aExtensión agrícola.
_939144
700 0 _aSwanson, Burton E.
_9110862
901 _aBK
942 _cLIBRO
949 _a630.717 F33y 1987
_bBC
_cFAO
_d-29947
_eFAO1
_h74335
_i77085
_si
999 _c66642
_d66642